[Event "Copenhagen Chess Challenge 2005"]
[Site "Taastrup"]
[Date "2005.??.??"]
[Round "6"]
[White "Nilsson, Sebastian"]
[Black "Lund, Silas"]
[Result "1/2-1/2"]
[WhiteElo "2224"]
[BlackElo "2300"]
[PlyCount "30"]
[EventDate "2005.??.??"]
[EventType "swiss"]
[EventRounds "9"]
[EventCountry "DEN"]

1. e4 e5 2. f4 exf4 3. Nf3 g5 4. h4 g4 5. Ne5 d6 6. Nxg4 Nf6 7. Nxf6+ Qxf6 8.
Nc3 Nc6 9. Nd5 Qg6 10. d3 Qg3+ 11. Kd2 Nb4 12. Nxb4 Qe3+ 13. Kc3 Qc5+ 14. Kd2
Qe3+ 15. Kc3 Qc5+ 1/2-1/2

[Event "Copenhagen Chess Challenge 2005"]
[Site "Taastrup"]
[Date "2005.??.??"]
[Round "6"]
[White "Olsson, Linus"]
[Black "De Firmian, Nick E"]
[Result "1/2-1/2"]
[WhiteElo "2319"]
[BlackElo "2549"]
[PlyCount "40"]
[EventDate "2005.??.??"]
[EventType "swiss"]
[EventRounds "9"]
[EventCountry "DEN"]

1. d4 Nf6 2. c4 e6 3. g3 c5 4. d5 exd5 5. cxd5 d6 6. Nc3 g6 7. Bg2 Bg7 8. Nf3
O-O 9. O-O a6 10. a4 Nbd7 11. Nd2 Re8 12. h3 Rb8 13. Nc4 Nb6 14. Na3 Bd7 15.
Re1 Nc8 16. Qd3 Qc7 17. Bf4 Nh5 18. Bd2 Na7 19. Nc4 Nc8 20. Na3 Na7 1/2-1/2

[Event "Copenhagen Chess Challenge 2005"]
[Site "Taastrup"]
[Date "2005.??.??"]
[Round "6"]
[White "Skovgaard, Tom"]
[Black "Moller, Frederik Oest"]
[Result "1-0"]
[WhiteElo "2079"]
[BlackElo "1824"]
[PlyCount "103"]
[EventDate "2005.??.??"]
[EventType "swiss"]
[EventRounds "9"]
[EventCountry "DEN"]

1. e4 c5 2. Nf3 d6 3. d4 cxd4 4. Nxd4 Nf6 5. Nc3 g6 6. h3 Bg7 7. Bc4 O-O 8. Bb3
Nc6 9. Be3 Bd7 10. O-O Rc8 11. f4 a6 12. Qf3 b5 13. Rad1 Qc7 14. Nxc6 Bxc6 15.
f5 b4 16. Nd5 Nxd5 17. exd5 Bb5 18. Rf2 Bd7 19. fxg6 fxg6 20. Qe4 Rxf2 21. Bxf2
a5 22. a4 bxa3 23. bxa3 a4 24. Bxa4 Bxa4 25. Qxa4 Qxc2 26. Qxc2 Rxc2 27. Rd3
Ra2 28. Be1 Kf7 29. Kf1 Be5 30. Rf3+ Kg7 31. Bb4 h5 32. Rf2 Ra1+ 33. Ke2 Bb2
34. Kd3 Be5 35. Kc4 Rc1+ 36. Kb5 Rc8 37. Ra2 Bd4 38. a4 Rb8+ 39. Kc4 Ba7 40. a5
Kf7 41. Bc3 Ke8 42. Bd4 Bxd4 43. Kxd4 Kd7 44. a6 Ra8 45. a7 e6 46. dxe6+ Kxe6
47. h4 Kf5 48. g3 Kg4 49. Ra3 g5 50. hxg5 Kxg5 51. Kd5 Kg4 52. Kxd6 1-0

[Event "Copenhagen Chess Challenge 2005"]
[Site "Taastrup"]
[Date "2005.??.??"]
[Round "6"]
[White "Smith, Axel"]
[Black "Korolev, Nikolaj"]
[Result "0-1"]
[WhiteElo "2139"]
[BlackElo "2100"]
[PlyCount "82"]
[EventDate "2005.??.??"]
[EventType "swiss"]
[EventRounds "9"]
[EventCountry "DEN"]

1. e4 c5 2. c3 Nf6 3. e5 Nd5 4. d4 cxd4 5. Nf3 e6 6. cxd4 b6 7. Nc3 Nxc3 8.
bxc3 Qc7 9. Bd2 Bb7 10. Bd3 d6 11. O-O Nd7 12. Re1 Be7 13. Bg5 Bxg5 14. Nxg5
dxe5 15. dxe5 h6 16. Qh5 O-O 17. f4 Qc6 18. Be4 Qc5+ 19. Kh1 Bxe4 20. Nxe4 Qc4
21. Re3 Nc5 22. Nf6+ Kh8 23. Rf3 Rad8 24. Ng4 Qe2 25. h3 Ne4 26. Rg1 Rd3 27.
Rxd3 Qxd3 28. Qh4 Ng3+ 29. Kh2 Nf5 30. Qf2 Rc8 31. Rc1 h5 32. Nf6 gxf6 33. exf6
h4 34. c4 Qg3+ 35. Kg1 Qxf2+ 36. Kxf2 Kh7 37. Rd1 Rc7 38. a4 Kg6 39. a5 Rxc4
40. Rd7 Rxf4+ 41. Ke2 bxa5 0-1

[Event "Copenhagen Chess Challenge 2005"]
[Site "Taastrup"]
[Date "2005.??.??"]
[Round "6"]
[White "Tikkanen, Hans"]
[Black "Dyrgaard, Kristoffer"]
[Result "1-0"]
[WhiteElo "2342"]
[BlackElo "2118"]
[PlyCount "45"]
[EventDate "2005.??.??"]
[EventType "swiss"]
[EventRounds "9"]
[EventCountry "DEN"]

1. d4 g6 2. c4 Bg7 3. Nc3 c5 4. d5 Bxc3+ 5. bxc3 f5 6. Nf3 Qa5 7. Qb3 Nf6 8.
Bh6 Rg8 9. h4 d6 10. g3 Nbd7 11. Bg2 Nb6 12. Nd2 Bd7 13. a4 O-O-O 14. Bf3 Kb8
15. O-O Bc8 16. Rfb1 Nbd7 17. Bf4 Ne5 18. Bg2 Nh5 19. Bxe5 dxe5 20. Qa3 a6 21.
Nb3 Qxc3 22. Qxc5 Rd6 23. Na5 1-0

[Event "Copenhagen Chess Challenge 2005"]
[Site "Taastrup"]
[Date "2005.??.??"]
[Round "7"]
[White "Bromann, Thorbjorn"]
[Black "Hoi, Carsten"]
[Result "0-1"]
[WhiteElo "2369"]
[BlackElo "2387"]
[PlyCount "86"]
[EventDate "2005.??.??"]
[EventType "swiss"]
[EventRounds "9"]
[EventCountry "DEN"]

1. e4 Nc6 2. d4 e5 3. dxe5 Nxe5 4. Nf3 Nxf3+ 5. Qxf3 Qf6 6. Qg3 Bb4+ 7. c3 Bc5
8. Bf4 Ne7 9. Bxc7 O-O 10. b4 Bb6 11. Bxb6 axb6 12. Bc4 d5 13. e5 Qh6 14. Nd2
dxc4 15. Nxc4 Be6 16. Ne3 Rfc8 17. O-O Nd5 18. Nxd5 Bxd5 19. Rad1 Bxa2 20. Rd6
g6 21. Rxb6 Bc4 22. Rd1 Bb3 23. Rf1 Qd2 24. Rd6 Qe2 25. Qg5 Re8 26. f4 Qe3+ 27.
Kh1 Qe2 28. Rg1 Be6 29. Rgd1 Qg4 30. Qf6 Ra2 31. Rg1 Qf5 32. Qh4 Kg7 33. c4 h6
34. c5 g5 35. fxg5 hxg5 36. Qg3 Rea8 37. Rd3 Re2 38. Re3 Raa2 39. h3 Bd5 40.
Rxe2 Rxe2 41. h4 Re4 42. Rd1 Rxh4+ 43. Kg1 Rg4 0-1

[Event "Copenhagen Chess Challenge 2005"]
[Site "Taastrup"]
[Date "2005.??.??"]
[Round "7"]
[White "De Firmian, Nick E"]
[Black "Glud, Jakob Vang"]
[Result "1-0"]
[WhiteElo "2549"]
[BlackElo "2319"]
[PlyCount "69"]
[EventDate "2005.??.??"]
[EventType "swiss"]
[EventRounds "9"]
[EventCountry "DEN"]

1. e4 c5 2. Nf3 e6 3. d4 cxd4 4. Nxd4 a6 5. Nc3 b5 6. Bd3 Qb6 7. Be3 Bc5 8. Be2
Nc6 9. Nxc6 dxc6 10. Bxc5 Qxc5 11. Qd3 Nf6 12. f4 e5 13. f5 Bb7 14. O-O-O Ke7
15. g4 Rad8 16. Qf3 Rxd1+ 17. Rxd1 Rd8 18. Bd3 h6 19. h4 h5 20. gxh5 Rh8 21.
Be2 Nxh5 22. Qd3 Nf6 23. h5 Bc8 24. a3 a5 25. Qg3 a4 26. Kb1 Rg8 27. Bf3 Ke8
28. Na2 Qe7 29. Nb4 Bb7 30. Nd3 Nd7 31. f6 Nxf6 32. Nxe5 Qc7 33. Qg5 Nh7 34.
Qf5 Nf6 35. Ng4 1-0

[Event "Copenhagen Chess Challenge 2005"]
[Site "Taastrup"]
[Date "2005.??.??"]
[Round "7"]
[White "Dyrgaard, Kristoffer"]
[Black "Grove, Peter"]
[Result "1-0"]
[WhiteElo "2118"]
[BlackElo "1979"]
[PlyCount "33"]
[EventDate "2005.??.??"]
[EventType "swiss"]
[EventRounds "9"]
[EventCountry "DEN"]

1. e4 e5 2. Bc4 Nc6 3. Nc3 Nf6 4. d3 Na5 5. Bb3 Nxb3 6. axb3 d5 7. exd5 Nxd5 8.
Nge2 Bc5 9. O-O Bg4 10. Ra4 f5 11. h3 Nxc3 12. bxc3 b5 13. Ra6 Bh5 14. Re6+ Kf7
15. Rxe5 Bxe2 16. Qxe2 Re8 17. Qh5+ 1-0

[Event "Copenhagen Chess Challenge 2005"]
[Site "Taastrup"]
[Date "2005.??.??"]
[Round "7"]
[White "Hansen, Alexei"]
[Black "Skovgaard, Tom"]
[Result "1/2-1/2"]
[WhiteElo "2000"]
[BlackElo "2079"]
[PlyCount "30"]
[EventDate "2005.??.??"]
[EventType "swiss"]
[EventRounds "9"]
[EventCountry "DEN"]

1. e4 Nf6 2. e5 Nd5 3. d4 d6 4. c4 Nb6 5. exd6 cxd6 6. Nc3 g6 7. Be3 Bg7 8. Rc1
O-O 9. b3 Nc6 10. Nf3 Bg4 11. Be2 d5 12. c5 Nc8 13. h3 Bxf3 14. Bxf3 e6 15. O-O
N8e7 1/2-1/2

[Event "Copenhagen Chess Challenge 2005"]
[Site "Taastrup"]
[Date "2005.??.??"]
[Round "7"]
[White "Korolev, Nikolaj"]
[Black "Olsson, Linus"]
[Result "1-0"]
[WhiteElo "2100"]
[BlackElo "2319"]
[PlyCount "35"]
[EventDate "2005.??.??"]
[EventType "swiss"]
[EventRounds "9"]
[EventCountry "DEN"]

1. e4 g6 2. d4 Nf6 3. Nc3 d5 4. e5 Nh5 5. Be2 Ng7 6. f4 h5 7. Nf3 Bg4 8. Be3
Nf5 9. Bf2 e6 10. g3 c5 11. dxc5 Bxf3 12. Bb5+ Nd7 13. Qxf3 Rc8 14. O-O-O Bxc5
15. Nxd5 exd5 16. Rxd5 Bxf2 17. Qxf2 O-O 18. Bxd7 1-0

[Event "Copenhagen Chess Challenge 2005"]
[Site "Taastrup"]
[Date "2005.??.??"]
[Round "7"]
[White "Lund, Silas"]
[Black "Tikkanen, Hans"]
[Result "0-1"]
[WhiteElo "2300"]
[BlackElo "2342"]
[PlyCount "74"]
[EventDate "2005.??.??"]
[EventType "swiss"]
[EventRounds "9"]
[EventCountry "DEN"]

1. d4 g6 2. e4 Bg7 3. c4 d6 4. Nc3 Nc6 5. Be3 e5 6. Nge2 Nf6 7. d5 Ne7 8. f3
O-O 9. c5 Ne8 10. Nc1 f5 11. Be2 Kh8 12. Nd3 Ng8 13. Qd2 Bd7 14. h3 Bh6 15.
O-O-O Qh4 16. Kb1 Ng7 17. g4 Bxe3 18. Qxe3 fxe4 19. Nxe4 Nf6 20. Nxf6 Rxf6 21.
cxd6 cxd6 22. Rc1 Bb5 23. Rc7 Ba6 24. Rhc1 Raf8 25. Rc8 h6 26. f4 Kh7 27. fxe5
dxe5 28. Nxe5 Rxc8 29. Rxc8 Qe1+ 30. Kc2 Bxe2 31. h4 Bd1+ 32. Kd3 Qxh4 33. Rd8
Bxg4 34. d6 Bf5+ 35. Kc3 Re6 36. Rf8 Rxd6 37. Nf7 Rc6+ 0-1

[Event "Copenhagen Chess Challenge 2005"]
[Site "Taastrup"]
[Date "2005.??.??"]
[Round "7"]
[White "Mikkelsen, Nikolaj"]
[Black "Nilsson, Sebastian"]
[Result "1-0"]
[WhiteElo "2220"]
[BlackElo "2224"]
[PlyCount "57"]
[EventDate "2005.??.??"]
[EventType "swiss"]
[EventRounds "9"]
[EventCountry "DEN"]

1. e4 e6 2. d3 d5 3. Nd2 Nf6 4. Ngf3 Nc6 5. e5 Ng4 6. d4 f6 7. Nh4 Nh6 8. Nhf3
fxe5 9. dxe5 Ng4 10. Bb5 Bd7 11. Qe2 Ngxe5 12. O-O Bd6 13. c4 Qf6 14. cxd5 Nd8
15. Re1 Bxb5 16. Qxb5+ c6 17. dxc6 bxc6 18. Qe2 Nxf3+ 19. Nxf3 h6 20. Bd2 Qxb2
21. Qd3 Be7 22. Bc3 Qa3 23. Qg6+ Kd7 24. Ne5+ Kc7 25. Qg3 Kc8 26. Nc4 Qa6 27.
Ba5 Qb7 28. Rab1 Qd7 29. Red1 1-0

[Event "Copenhagen Chess Challenge 2005"]
[Site "Taastrup"]
[Date "2005.??.??"]
[Round "7"]
[White "Moller, Frederik Oest"]
[Black "Pallesen, Jacob"]
[Result "0-1"]
[WhiteElo "1824"]
[BlackElo "2056"]
[PlyCount "116"]
[EventDate "2005.??.??"]
[EventType "swiss"]
[EventRounds "9"]
[EventCountry "DEN"]

1. e4 c5 2. Nf3 e6 3. Nc3 Nc6 4. d4 cxd4 5. Nxd4 a6 6. Be3 Nf6 7. Bd3 Qc7 8.
O-O Bb4 9. Nce2 b5 10. c3 Be7 11. Ng3 Bb7 12. f4 h5 13. Qe2 Na5 14. Bd2 Nc4 15.
Be1 h4 16. Nh1 Rc8 17. Rc1 Nh5 18. b3 Nxf4 19. Qf3 Nxd3 20. Qxd3 Ne5 21. Qe2 d6
22. Nf2 Bf6 23. Bd2 Ke7 24. Ng4 Nxg4 25. Qxg4 Qc5 26. Be3 Qh5 27. Qf3 Qe5 28.
Rfe1 Bxe4 29. Qf2 Qh5 30. Bd2 d5 31. c4 Qg6 32. Nf3 dxc4 33. bxc4 bxc4 34. Bb4+
Ke8 35. Red1 Bd5 36. Re1 Be7 37. Bxe7 Kxe7 38. Rcd1 Kf8 39. Ne5 Qh5 40. Rd4 Rh6
41. Rxh4 Qf5 42. Rf4 Qh5 43. Rxf7+ Kg8 44. h3 c3 45. Rf1 c2 46. Rxg7+ Kxg7 47.
Qg3+ Kh8 48. Nf7+ Qxf7 49. Rxf7 c1=Q+ 50. Kh2 Qc3 51. Rf8+ Rxf8 52. Qxc3+ Kh7
53. Qd3+ Rg6 54. h4 Kg7 55. Qd4+ Kg8 56. g4 Rc8 57. g5 Rc4 58. Qf2 Ra4 0-1

[Event "Copenhagen Chess Challenge 2005"]
[Site "Taastrup"]
[Date "2005.??.??"]
[Round "7"]
[White "Skjoldan, Benjamin"]
[Black "Frank Nielsen, Marie"]
[Result "1-0"]
[WhiteElo "2114"]
[BlackElo "1882"]
[PlyCount "71"]
[EventDate "2005.??.??"]
[EventType "swiss"]
[EventRounds "9"]
[EventCountry "DEN"]

1. d4 d5 2. c4 c6 3. g3 Nf6 4. Bg2 e6 5. Nf3 Be7 6. O-O O-O 7. Qc2 Nbd7 8. Rd1
b6 9. b3 Ba6 10. Nbd2 Rc8 11. e4 dxe4 12. Nxe4 Qe8 13. Bf4 Nxe4 14. Qxe4 Bf6
15. Ne5 Nxe5 16. Bxe5 Qe7 17. Bxf6 Qxf6 18. Rac1 Rc7 19. c5 Bb7 20. Qe5 Qe7 21.
b4 Rfc8 22. a4 Ba6 23. f4 b5 24. Bf1 Rb8 25. Ra1 Bc8 26. axb5 f6 27. Qd6 cxb5
28. Qxe7 Rxe7 29. f5 g6 30. fxe6 Rxe6 31. d5 Re4 32. c6 Rb6 33. Rac1 Rb8 34. d6
Kh8 35. Re1 Re8 36. Rxe8+ 1-0

[Event "Copenhagen Chess Challenge 2005"]
[Site "Taastrup"]
[Date "2005.??.??"]
[Round "7"]
[White "Skovgaard, Peter Nicolai"]
[Black "Smith, Axel"]
[Result "1-0"]
[WhiteElo "2174"]
[BlackElo "2139"]
[PlyCount "169"]
[EventDate "2005.??.??"]
[EventType "swiss"]
[EventRounds "9"]
[EventCountry "DEN"]

1. d4 Nf6 2. Nf3 e6 3. g3 c5 4. Bg2 Nc6 5. O-O d5 6. c3 Be7 7. e3 O-O 8. Nbd2
a6 9. b3 cxd4 10. exd4 b5 11. c4 Bb7 12. c5 b4 13. Re1 a5 14. Bb2 Qc7 15. Rc1
Ra7 16. Bf1 Ba6 17. Bxa6 Rxa6 18. Qe2 Ra7 19. h4 a4 20. Qd3 Qb7 21. Ng5 Qa6 22.
Qe3 Ng4 23. Qf4 Nf6 24. Ngf3 Qb5 25. Ne5 Nxe5 26. Qxe5 axb3 27. axb3 Ra2 28.
Rc2 Qd3 29. Rec1 Rc8 30. Qe1 Ng4 31. Kg2 Nh6 32. Qf1 Qxf1+ 33. Kxf1 Nf5 34. Ke2
Kf8 35. Kd3 Ke8 36. Nf3 Bf6 37. Rh1 h5 38. Rb1 Ne7 39. Bc1 Rxc2 40. Kxc2 Nc6
41. Kd3 Ra8 42. Bg5 Bxg5 43. hxg5 Ra2 44. Nd2 g6 45. f3 Na5 46. f4 Nc6 47. Nf1
Kd7 48. Ne3 Rf2 49. Nf1 Kc7 50. Ra1 Kb7 51. Ke3 Rc2 52. Rd1 Ne7 53. Rd3 Nf5+
54. Kf3 Ka6 55. Nd2 Rc3 56. Ke2 Nxg3+ 57. Ke3 h4 58. Nf3 h3 59. Rxc3 bxc3 60.
Kd3 Nf1 61. Kxc3 Kb5 62. Kd3 Ng3 63. Ke3 Nf1+ 64. Kf2 h2 65. Kg2 Ng3 66. Kxh2
Ne2 67. Kg2 Nxf4+ 68. Kf2 Ka5 69. Ke3 Nh3 70. Kd2 Nf2 71. Ke2 Nh3 72. Ke3 Kb5
73. b4 Ka6 74. c6 Kb6 75. b5 Kc7 76. Kd2 Nf2 77. Kc3 Ne4+ 78. Kb4 Kb8 79. Ne5
Nxg5 80. Nd7+ Kc7 81. Ka5 Ne4 82. Ne5 Nd6 83. b6+ Kc8 84. Ka6 g5 85. Nd7 1-0

[Event "Copenhagen Chess Challenge 2005"]
[Site "Taastrup"]
[Date "2005.??.??"]
[Round "8"]
[White "Frank Nielsen, Marie"]
[Black "Moller, Frederik Oest"]
[Result "1-0"]
[WhiteElo "1882"]
[BlackElo "1824"]
[PlyCount "221"]
[EventDate "2005.??.??"]
[EventType "swiss"]
[EventRounds "9"]
[EventCountry "DEN"]

1. e4 c5 2. d4 cxd4 3. c3 dxc3 4. Nxc3 Nc6 5. Bc4 e6 6. Nf3 d6 7. O-O Be7 8.
Qe2 a6 9. Rd1 Qc7 10. Bf4 Nf6 11. h3 O-O 12. Rac1 Rd8 13. Bd3 Bf8 14. a3 Qe7
15. b4 e5 16. Bg5 Be6 17. Bc4 Rac8 18. Nd5 Bxd5 19. Bxd5 Rd7 20. b5 axb5 21.
Qxb5 Rdc7 22. Qd3 Nd8 23. Rxc7 Rxc7 24. Nh4 g6 25. Rb1 Ne6 26. Bxf6 Qxf6 27.
Nf3 Qe7 28. g3 Qd7 29. Kg2 h6 30. h4 Nc5 31. Qe3 Ne6 32. Nh2 Qe7 33. Nf3 Qd7
34. Rb4 Nc5 35. Ne1 Qe7 36. Qf3 Bg7 37. Nd3 Ne6 38. Nb2 b5 39. Rxb5 Nd4 40.
Rb8+ Bf8 41. Qg4 Kg7 42. Nc4 Ra7 43. Qd1 Ne6 44. Qb3 Nc5 45. Qc2 Qc7 46. Rb1
Be7 47. Qc3 Bd8 48. Ne3 Qa5 49. Qxa5 Rxa5 50. Nc4 Ra6 51. Rb8 Bc7 52. Re8 Kf6
53. Rf8 Ne6 54. Rc8 Ra7 55. a4 Nc5 56. Rf8 Ne6 57. Ra8 Rxa8 58. Bxa8 Ke7 59.
Ne3 Kd7 60. Bd5 Ke7 61. Kf1 Nc5 62. Bc6 Bd8 63. f3 Ke6 64. Ke2 g5 65. hxg5 hxg5
66. g4 f6 67. Bb5 Nb7 68. Kd3 Na5 69. Nd5 Kf7 70. Bc4 Ke8 71. Bb5+ Kf7 72. Nb4
Nb7 73. Bc4+ Ke8 74. Bb5+ Kf7 75. Nc6 Bb6 76. Kc4 Ke6 77. Kb4 Bc5+ 78. Kc4 Bb6
79. Ba6 Nc5 80. Bc8+ Kf7 81. Kb5 Bc7 82. a5 Bxa5 83. Kxa5 Nb3+ 84. Kb6 Nd2 85.
Kc7 Nxf3 86. Kxd6 Nd2 87. Bf5 Nc4+ 88. Kc5 Ne3 89. Nb4 Ng2 90. Nd5 Nf4 91. Kd6
Nd3 92. Kc6 Nf4 93. Kb5 Kg7 94. Kc4 Kf7 95. Kc3 Ng2 96. Kd3 Nf4+ 97. Ke3 Kg7
98. Nc3 Kf7 99. Nb5 Kg7 100. Kd2 Ng2 101. Kc3 Ne3 102. Nc7 Ng2 103. Nd5 Kf7
104. Kc4 Nf4 105. Kc5 Nd3+ 106. Kd6 Nf4 107. Kd7 Nd3 108. Nb6 Nf4 109. Nc8 Nd3
110. Nd6+ Kf8 111. Ke6 1-0

[Event "Copenhagen Chess Challenge 2005"]
[Site "Taastrup"]
[Date "2005.??.??"]
[Round "8"]
[White "Glud, Jakob Vang"]
[Black "Mikkelsen, Nikolaj"]
[Result "1-0"]
[WhiteElo "2319"]
[BlackElo "2220"]
[PlyCount "51"]
[EventDate "2005.??.??"]
[EventType "swiss"]
[EventRounds "9"]
[EventCountry "DEN"]

1. g3 d5 2. Bg2 Nf6 3. Nf3 b6 4. O-O Bb7 5. d4 e6 6. b3 Nbd7 7. c4 dxc4 8. bxc4
c5 9. e3 Be7 10. Bb2 O-O 11. d5 exd5 12. Nh4 Ne4 13. cxd5 Bxh4 14. Bxe4 Bf6 15.
Nc3 g6 16. Bg2 b5 17. Qc2 Qb6 18. Rfd1 Rfd8 19. Rab1 b4 20. Na4 Qa5 21. Nxc5
Nxc5 22. Bxf6 Rdc8 23. Qb2 Nd7 24. Bh8 f6 25. Bxf6 Rf8 26. Be7 1-0

[Event "Copenhagen Chess Challenge 2005"]
[Site "Taastrup"]
[Date "2005.??.??"]
[Round "8"]
[White "Grove, Peter"]
[Black "Skovgaard, Tom"]
[Result "1/2-1/2"]
[WhiteElo "1979"]
[BlackElo "2079"]
[PlyCount "52"]
[EventDate "2005.??.??"]
[EventType "swiss"]
[EventRounds "9"]
[EventCountry "DEN"]

1. c4 e5 2. Nc3 Bb4 3. g3 Nf6 4. Bg2 O-O 5. d3 Bxc3+ 6. bxc3 Re8 7. e4 c6 8.
Bg5 h6 9. Bxf6 Qxf6 10. Ne2 d6 11. O-O Na6 12. Rb1 Nc5 13. Qd2 Qg6 14. f3 f5
15. d4 Na6 16. Nc1 Qf7 17. d5 Nc5 18. Nd3 Nxd3 19. Qxd3 cxd5 20. cxd5 f4 21. g4
Qc7 22. Qb5 Re7 23. Rfc1 b6 24. Bf1 Bd7 25. Qb4 Rc8 26. Ba6 Qc5+ 1/2-1/2

[Event "Copenhagen Chess Challenge 2005"]
[Site "Taastrup"]
[Date "2005.??.??"]
[Round "8"]
[White "Hoi, Carsten"]
[Black "Skjoldan, Benjamin"]
[Result "1/2-1/2"]
[WhiteElo "2387"]
[BlackElo "2114"]
[PlyCount "70"]
[EventDate "2005.??.??"]
[EventType "swiss"]
[EventRounds "9"]
[EventCountry "DEN"]

1. d4 d5 2. Nf3 Nf6 3. c4 e6 4. Nc3 Be7 5. Bg5 O-O 6. e3 h6 7. Bh4 b6 8. Bd3
Bb7 9. O-O Nbd7 10. Qe2 c5 11. Rfd1 Ne4 12. Bg3 Nxg3 13. hxg3 cxd4 14. exd4
dxc4 15. Bxc4 Nf6 16. Ne5 Rc8 17. Rac1 Nd5 18. Ba6 Nxc3 19. bxc3 Bxa6 20. Qxa6
Qc7 21. c4 Rfd8 22. Qb5 Bf6 23. Nf3 Qd7 24. Qb3 Qc6 25. a4 Qe4 26. Qe3 Qc6 27.
a5 Qa4 28. axb6 axb6 29. Qe2 Rd7 30. Qc2 Qxc2 31. Rxc2 Rcd8 32. Kf1 Rd6 33. Rb1
Rc8 34. Rd1 Rcd8 35. Rcd2 Rc8 1/2-1/2

[Event "Copenhagen Chess Challenge 2005"]
[Site "Taastrup"]
[Date "2005.??.??"]
[Round "8"]
[White "Korolev, Nikolaj"]
[Black "De Firmian, Nick E"]
[Result "0-1"]
[WhiteElo "2100"]
[BlackElo "2549"]
[PlyCount "52"]
[EventDate "2005.??.??"]
[EventType "swiss"]
[EventRounds "9"]
[EventCountry "DEN"]

1. e4 c5 2. Nf3 d6 3. d4 cxd4 4. Nxd4 Nf6 5. Nc3 a6 6. f4 e5 7. Nf3 Nbd7 8. a4
Be7 9. Bd3 O-O 10. O-O exf4 11. Kh1 Nc5 12. Bxf4 Bg4 13. Qd2 Rc8 14. a5 Re8 15.
b4 Nxd3 16. Qxd3 Qc7 17. Ra3 Qc4 18. Rb1 d5 19. Ne5 Qxd3 20. cxd3 Be6 21. exd5
Nxd5 22. Nxd5 Bxd5 23. d4 Rc2 24. Rg3 Bh4 25. Rg4 h5 26. Rxh4 Rxg2 0-1

[Event "Copenhagen Chess Challenge 2005"]
[Site "Taastrup"]
[Date "2005.??.??"]
[Round "8"]
[White "Nilsson, Sebastian"]
[Black "Dyrgaard, Kristoffer"]
[Result "1-0"]
[WhiteElo "2224"]
[BlackElo "2118"]
[PlyCount "51"]
[EventDate "2005.??.??"]
[EventType "swiss"]
[EventRounds "9"]
[EventCountry "DEN"]

1. e4 c5 2. Nf3 Nc6 3. d4 cxd4 4. Nxd4 Nf6 5. Nc3 e5 6. Ndb5 d6 7. Bg5 a6 8.
Na3 b5 9. Bxf6 gxf6 10. Nd5 f5 11. Bxb5 axb5 12. Nxb5 Ra4 13. Nbc7+ Kd7 14. O-O
Qg5 15. f4 exf4 16. exf5 Rg8 17. Rf2 Bg7 18. c3 Re4 19. Nb5 Be5 20. Nb6+ Ke7
21. f6+ Kxf6 22. Qd5 Bf5 23. Qxc6 f3 24. Nd5+ Kg7 25. Nxd6 Kh8 26. Nxf7+ 1-0

[Event "Copenhagen Chess Challenge 2005"]
[Site "Taastrup"]
[Date "2005.??.??"]
[Round "8"]
[White "Olsson, Linus"]
[Black "Skovgaard, Peter Nicolai"]
[Result "1/2-1/2"]
[WhiteElo "2319"]
[BlackElo "2174"]
[PlyCount "49"]
[EventDate "2005.??.??"]
[EventType "swiss"]
[EventRounds "9"]
[EventCountry "DEN"]

1. d4 e6 2. g3 f5 3. Bg2 Nf6 4. Nf3 d5 5. O-O Bd6 6. b3 Qe7 7. a4 a5 8. Ba3
Bxa3 9. Nxa3 b6 10. c4 c6 11. Nc2 O-O 12. Nce1 Bb7 13. Nd3 Nbd7 14. Qc2 Rac8
15. cxd5 cxd5 16. Qb2 Ba6 17. Nf4 Ne4 18. h4 Rc6 19. Rfc1 Rfc8 20. Rxc6 Rxc6
21. Rc1 Qd6 22. Ng5 Nxg5 23. hxg5 Nf8 24. Rc3 Ng6 25. Nxg6 1/2-1/2

[Event "Copenhagen Chess Challenge 2005"]
[Site "Taastrup"]
[Date "2005.??.??"]
[Round "8"]
[White "Pallesen, Jacob"]
[Black "Lund, Silas"]
[Result "1/2-1/2"]
[WhiteElo "2056"]
[BlackElo "2300"]
[PlyCount "108"]
[EventDate "2005.??.??"]
[EventType "swiss"]
[EventRounds "9"]
[EventCountry "DEN"]

1. e4 e5 2. Nf3 Nc6 3. Bc4 Be7 4. d4 d6 5. d5 Nb8 6. Nc3 Nf6 7. Bg5 Nbd7 8. Qd2
h6 9. Be3 Ng4 10. O-O-O a6 11. Kb1 O-O 12. h3 Nxe3 13. Qxe3 b5 14. Bd3 Nc5 15.
g4 b4 16. Ne2 c6 17. Bc4 cxd5 18. Bxd5 Rb8 19. Ng3 Qb6 20. Nf5 Bxf5 21. gxf5
Na4 22. Qxb6 Nxb6 23. Rd3 g6 24. Rg1 Kg7 25. Nd2 Kf6 26. Rf3 Kg7 27. Rd3 Bh4
28. Rg2 Bg5 29. Nc4 Nxc4 30. Bxc4 Rb6 31. Rg1 Kf6 32. Rf3 Bf4 33. fxg6 fxg6 34.
Rd1 Rc8 35. b3 Ke7 36. Rd5 g5 37. Kb2 h5 38. Rfd3 g4 39. hxg4 hxg4 40. Rd1 Rh8
41. Rg1 Rh2 42. Rxg4 Rxf2 43. Bd3 Bd2 44. a3 Bc3+ 45. Ka2 bxa3 46. Kxa3 Rh2 47.
Rg7+ Kf6 48. Rg1 a5 49. Ka4 Rb4+ 50. Ka3 Rb6 51. Ka4 Rb4+ 52. Ka3 Rd4 53. Rxd4
exd4 54. Ka4 Rh5 1/2-1/2

[Event "Copenhagen Chess Challenge 2005"]
[Site "Taastrup"]
[Date "2005.??.??"]
[Round "8"]
[White "Smith, Axel"]
[Black "Hansen, Alexei"]
[Result "1/2-1/2"]
[WhiteElo "2139"]
[BlackElo "2000"]
[PlyCount "147"]
[EventDate "2005.??.??"]
[EventType "swiss"]
[EventRounds "9"]
[EventCountry "DEN"]

1. e4 c5 2. Nf3 e6 3. c3 Nf6 4. e5 Nd5 5. d4 cxd4 6. cxd4 b6 7. Nc3 Nxc3 8.
bxc3 Qc7 9. Bd2 Bb7 10. Bd3 d6 11. O-O Nd7 12. Re1 Be7 13. Bg5 Bxg5 14. Nxg5
dxe5 15. dxe5 h6 16. Qh5 O-O 17. f4 Qc6 18. Be4 Qc5+ 19. Kh1 Bxe4 20. Nxe4 Qc4
21. Nf6+ Nxf6 22. exf6 Qxc3 23. fxg7 Qxg7 24. Rab1 Kh7 25. f5 Rae8 26. Rf1 Qg5
27. Qh3 exf5 28. Rxf5 Re3 29. Rf3 Rxf3 30. Qxf3 Qg6 31. Rf1 Re8 32. h3 Re7 33.
Kh2 f5 34. Rd1 Qe6 35. Rd5 Qe4 36. Rxf5 Qxf3 37. Rxf3 Kg6 38. Ra3 a5 39. Rb3
Re6 40. Rb5 Kg7 41. Rb2 Kg6 42. Kg3 Rf6 43. Kg4 h5+ 44. Kg3 Kg5 45. Rb5+ Kg6
46. Kh4 Rf4+ 47. g4 hxg4 48. Rxb6+ Kg7 49. hxg4 Ra4 50. Kg5 Rxa2 51. Rb7+ Kf8
52. Kf6 Rf2+ 53. Kg6 a4 54. Ra7 Rf4 55. g5 Rg4 56. Kf5 Rb4 57. Kg6 Rg4 58. Rf7+
Ke8 59. Rf5 a3 60. Ra5 Rg3 61. Kg7 a2 62. g6 Rg2 63. Ra7 Rf2 64. Kh7 Rg2 65. g7
Rh2+ 66. Kg6 Rg2+ 67. Kf6 Rf2+ 68. Ke6 Re2+ 69. Kd5 Rg2 70. Ke6 Rg6+ 71. Kf5
Rxg7 72. Rxa2 Rf7+ 73. Kg6 Rf1 74. Ra7 1/2-1/2

[Event "Copenhagen Chess Challenge 2005"]
[Site "Taastrup"]
[Date "2005.??.??"]
[Round "8"]
[White "Tikkanen, Hans"]
[Black "Bromann, Thorbjorn"]
[Result "1/2-1/2"]
[WhiteElo "2342"]
[BlackElo "2369"]
[PlyCount "115"]
[EventDate "2005.??.??"]
[EventType "swiss"]
[EventRounds "9"]
[EventCountry "DEN"]

1. d4 d5 2. c4 Nc6 3. Nf3 Bg4 4. e3 e6 5. cxd5 exd5 6. Nc3 Nf6 7. Qa4 Bxf3 8.
Ba6 Bxg2 9. Rg1 Qc8 10. Rxg2 Rb8 11. a3 Qe6 12. Be2 g6 13. b4 a6 14. Bb2 Bg7
15. O-O-O O-O 16. Rdg1 b5 17. Qb3 Rb6 18. h4 Rfb8 19. Bf3 Rd8 20. Rg5 Bh6 21.
R1g3 Bxg5 22. hxg5 Nh5 23. Bxd5 Rxd5 24. Nxd5 Nxg3 25. Nf6+ Kf8 26. d5 Qf5 27.
fxg3 Ne7 28. g4 Qf1+ 29. Kd2 Qg2+ 30. Kd3 Qf1+ 31. Kd2 Qg2+ 32. Ke1 Rd6 33. Be5
Rxd5 34. Nxh7+ Ke8 35. Nf6+ Kd8 36. Nxd5 Qxd5 37. Qc3 Nc6 38. Bf4 Kc8 39. Kf2
Kb7 40. Qf6 Nb8 41. Kg3 Qe6 42. Qd8 Qd7 43. Qh8 Nc6 44. Qf6 Ne7 45. Qe5 Nd5 46.
Qe4 Qe6 47. Kf3 Qc6 48. Kg3 Nb6 49. Qe7 Qd7 50. Qe4+ Qc6 51. Qe7 Qc4 52. Kf3
Nd5 53. Qxf7 Qf1+ 54. Kg3 Qg1+ 55. Kf3 Qf1+ 56. Kg3 Qg1+ 57. Kf3 Qf1+ 58. Kg3
1/2-1/2